Record Athletisme 2023 - Statistiques

Statistiques générales
  • Ce quiz a été pris 111 fois
  • Le résultat moyen est 7 sur 46
Statistiques - réponses
Hint Hint Réponse % Correct
4x100 W 40"82 s Etats Unis
100%
4x400 M 2'54"29 min Etats Unis
100%
100m M 9''58 s Usain Bolt
77%
200m M 19''19s Usain Bolt
77%
4x100 M 36''84 s Jamaique
69%
Decathlon 9 126 points Kevin Mayer
28%
400m M 43''03s Wayde Van Niekerk
28%
800m M 1'40''91 min David Rudisha
24%
100m W 10''49s Florence Griffith-Joyner
24%
200m W 21''34s Florence Griffith-Joyner
24%
Hauteur M 2,45 m Javier Sotomayor
19%
Triple Saut M 18,29 m Jonathan Edwards
15%
400m H M 45"94 s Karsten Warholm
13%
400m W 47''60s Marita Koch
10%
Longueur M 8,95 m Mike Powell
10%
110m H 12"80 s Aries Merritt
9%
1500m W 3'49''11 min Faith Kipyegon
8%
Mile W 4'07''64 Faith Kipyegon
8%
Poids M 23,56 m Ryan Crouser
7%
5000m W 14'00''21 min Gudaf Tsegay
6%
1500m M 3'26''00 min Hicham El Gerrouj
6%
Mile M 3'43''13 min Hicham El Gerrouj
6%
Javelot M 98,48 m Jan Zelezny
6%
100m H 12"12 s Tobi Amusan
6%
3000m M 7'20''67 min Daniel Komen
5%
800m W 1'53''28 min Jarmila Kratochvilova
5%
Disque M 74,08 m Jurgen Schult
5%
3000m Steeple M 7'52"11 min Lamecha Girma
5%
4x400 W 3'15"17 min URSS
5%
Perche W 5,06 m Yelena Isinbayeva
5%
Triple Saut W 15,79 m Yulimar Rojas
5%
Marteau W 82,98 m Anita Wlodarczyk
3%
3000m Steeple W 8'44"22 min Beatrice Chepkoech
3%
3000m W 8'06''11 min Wang Junxia
3%
Disque W 76,80 m Gabrielle Reinsch
2%
Heptathlon 7 291 points Jackie Joyner-Kersee
2%
Hauteur W 2,09 m Stefka Kostadinova
2%
Javelot W 72,28 m Barbora Spotakova
1%
5000m M 12'35''36 min Joshua Chepteguei
1%
10000m M 26'11''00 min Joshua Chepteguei
1%
Marteau M 86,74 m Youri Sedykh
1%
Perche M 6,23 m Armand Duplatis
0%
Longueur W 7,52 m Galina Chistyakova
0%
10000m W 29'01"03 min Letesendet Gidey
0%
Poids W 22,63 m Natalya Lisovskaya
0%
400m H W 50"68 s Sydney McLaughling
0%
Aucun quiz correspondant
Distribution des résultats
% des personnes avec chaque résultat
Percentile par nombre de réponses
Votre historique - résultats
Vous n’avez pas pris ce quiz